000 00330nam a2200145Ia 4500
008 230917s9999||||xx |||||||||||||| ||und||
040 _e153334
_aMAIN
041 _aEnglish
082 _a294.6 D511G
100 _aDewan Singh
245 0 _aGurbani adhian dian samasiavan
260 _c2004
300 _a140p p.
942 _cBK
999 _c132085
_d132085